| 000 | 01786cam a2200541 i 4500 | ||
|---|---|---|---|
| 001 | 20722 | ||
| 003 | KOSZ 005 | ||
| 005 | 20250728105927.0 | ||
| 008 | 250728s1982 pl a f 000 0 pol | ||
| 015 | _aUWD 1982/5801 | ||
| 020 | _a8301043881 | ||
| 035 | _a991012099759705066 | ||
| 035 | _a(PL-WaBN)b13279208-48omnis_nlop | ||
| 035 | _ab13279208 | ||
| 035 | _a(OCoLC)750003092 | ||
| 035 | _azz2005984168 | ||
| 035 | _a(PL)b0000001327920 | ||
| 035 | _a(EXLNZ-48OMNIS_NETWORK)9910008342005606 | ||
| 040 |
_aWA N _cWA N _dKOSZ 005/RW |
||
| 046 | _k1974 | ||
| 080 | _a519.22 | ||
| 080 | _a(07) | ||
| 100 | 1 |
_aZieliński, Ryszard _d(1932-2012) _eAutor |
|
| 245 | 1 | 0 |
_aWybrane zagadnienia optymalizacji statystycznej : _banaliza powierzchni odpowiedzi, planowanie doświadczeń ekstremalnych / _cRyszard Zieliński. |
| 250 | _aWydanie 2 poprawione. | ||
| 260 |
_aWarszawa : _bPaństwowe Wydawnictwo Naukowe, _c1982. |
||
| 300 |
_a143, [1] strony : _btabele, wykresy ; _c21 cm. |
||
| 336 |
_aTekst _btxt _2rdacontent |
||
| 337 |
_aBez urządzenia pośredniczącego _bn _2rdamedia |
||
| 338 |
_aWolumin _bnc _2rdacarrier |
||
| 380 | _aKsiążki | ||
| 380 | _aPublikacje dydaktyczne | ||
| 380 | _aPublikacje naukowe | ||
| 385 | _aBiolodzy | ||
| 385 | _aEkonomiści | ||
| 385 | _aMatematycy | ||
| 385 | _aInżynierowie | ||
| 388 | 1 | _a1901-2000 | |
| 388 | 1 | _a1945-1989 | |
| 504 | _aBibliografia na stronach [141]-143. | ||
| 650 | 7 |
_aStatystyka matematyczna _2DBN |
|
| 655 | 7 | _aPodręcznik | |
| 658 | _aMatematyka | ||
| 710 | 2 |
_aPaństwowe Wydawnictwo Naukowe _4pbl |
|
| 856 |
_uhttps://koha.tu.koszalin.pl/cgi-bin/koha/opac-detail.pl?biblionumber=20722 _yKatalog online BPK |
||
| 942 |
_2UKD _cKS |
||
| 999 |
_c20722 _d20722 |
||